00797cam a2200217 a 450000100100000000500170001000800410002701000130006804000250008108200230010610000340012924500950016325000110025826000420026930000270031165000290033865000310036770000400039895201260043899900150056400000214720200929145841.0851021s1968 sp af 001 p spa  a85595505 aDO-SdBNPbspacBNPHU a861.64bZ35e, 19681 aZapata Acosta, Ramón.9686810aEspejos y figuras :bpoemas /cRamón Zapata Acosta ; prólogo por Francisco Lluch Mora. a2a ed. aBarcelona :bEdiciones Rvmbos,c1968. a87 p. :bil. ;c25 cm. 4aPoesía española9631 4aLiteratura española96321 aFrancisco Lluch Moraepról.96869 001052708MOaGRbGRcCTd2009-07-17iLF1l0o861.64 Z35e, 1968p2147-10r2020-06-25w2020-06-25y2ZPréstamo interno c1998d1998